000 00858nam a22002057a 4500
999 _c4064
_d4064
003 AR-CdUCM
008 190307b ||||| |||| 00| 0 spa d
040 _aMUNICIPALIDAD PROVINCIAL DEL CUSCO
_cBIBLIOTECA MUNICIPAL DEL CUSCO
082 _a417.261 /
_bV19
100 _aValdivia Rivera, Gustavo
_912923
245 _aDialectica del Comportamiento en el Area Rural Andina /
260 _aCusco :
_bUniversidad Nacional de San Antonio Abad del Cusco ,
_c1994.
300 _a242 páginas ;
_c20.5 cm.
505 _aContenido: Personalidad y Sociedad -- El medio social andino : Estructura socio economica en el area rural andina -- El medio social andino: integracion cultural en el area rural andina...
650 _aMedio Andino
_912924
650 _aAxiologia Andina
_912925
650 _aSociologia Andina
_912926
942 _2ddc
_cLIBROS
945 _artm